| 000 | 00482nam a2200181 i 4500 | ||
|---|---|---|---|
| 001 | 121639 | ||
| 003 | ES-MaACL | ||
| 005 | 20230906191806.0 | ||
| 007 | t| | ||
| 008 | 070214s1983 sp r ||||1| spa d | ||
| 020 | _a84-256-0374-9 | ||
| 080 | _a821.134.2-31"19" | ||
| 100 | 1 |
_aPortal, Marta. _993192 |
|
| 245 | 1 | 3 |
_aUn espacio erótico / _cMarta Portal. |
| 260 |
_aMadrid : _bIbérico Europea de Ediciones, _c1983. |
||
| 300 |
_a184 p. ; _c21 cm. |
||
| 852 | 4 |
_aES-MaACL _jL-4868 |
|
| 999 |
_c121639 _d121639 |
||